000 00386nam a2200145Ia 4500
008 221030s9999 xx 000 0 und d
020 _a0199460914
041 _aEnglish
100 _aN. Subramanian
245 0 _aDesign of Steel Structures - Limit States Method
_cby N. Subramanian
260 _bOxford Univ Press
_aNew Delhi
_c2018
300 _a883
650 _aCivil
942 _cBK
999 _c18236
_d18236